|
|
|
|
| LEADER |
02618cam a22003974i 4500 |
| 001 |
hup0000109 |
| 003 |
GR-PaULI |
| 005 |
20210915092538.0 |
| 006 |
m o d |
| 007 |
cr cn |
| 008 |
141025s1998 mau go 00| d eng d |
| 952 |
|
|
|0 0
|1 0
|2 ddc
|4 0
|7 0
|9 323018
|a LISP
|b LISP
|d 2021-02-03
|l 0
|r 2021-02-03 00:00:00
|v 2021.00
|w 2021-02-03
|y ERS
|
| 999 |
|
|
|c 181509
|d 181509
|
| 020 |
|
|
|z 9780674995666
|q έντυπο
|
| 040 |
|
|
|a MaCbHUP
|d TLC
|d GR-PaULI
|e AACR2
|b gre
|
| 041 |
1 |
|
|a eng
|a grc
|h grc
|
| 100 |
0 |
|
|a Ευριπίδης
|e συγγραφέας.
|9 1682
|d 480-406
|
| 245 |
1 |
0 |
|a Suppliant women ;
|b Electra ; Heracles /
|c Euripides ; edited and translated by David Kovacs.
|
| 260 |
|
|
|a Cambridge, MA :
|b Harvard University Press,
|c 1998.
|
| 300 |
|
|
|a 1 ηλεκτρονική πηγή
|
| 490 |
1 |
|
|a Loeb Classical Library ;
|v 9
|
| 520 |
|
|
|b One of antiquity's greatest poets, Euripides (ca. 485-406 BCE) has been prized in every age for the pathos, terror, surprising plot twists, and intellectual probing of his dramatic creations. Here, in the third volume of a new edition that is receiving much praise, are four of his plays. Suppliant Women reflects on war and on the rule of law. Euripides's Electra--presenting the famous legend of a brother and sister who seek revenge on their mother for killing their father--is a portrayal interestingly different from that of Aeschylus or Sophocles. Heracles shows the malice of the gods--and mutual loyalty as the human response to divinely sent disaster. David Kovacs gives us a freshly edited Greek text and a new translation that, in the words of Greece and Rome, is "close to the Greek and reads fluently and well."
|
| 546 |
|
|
|a Κείμενο στην αρχαία ελληνική με παράλληλη αγγλική μετάφραση.
|
| 600 |
|
0 |
|a Ηρακλής (Ελληνική μυθολογία)
|v Δράμα.
|9 186452
|
| 600 |
|
0 |
|a Ηλέκτρα (Μυθολογία)
|v Δράμα.
|9 186453
|
| 650 |
|
4 |
|a Μυθολογία, Ελληνική
|v Δράμα.
|9 185850
|
| 655 |
|
0 |
|a Ηλεκτρονικά βιβλία
|
| 655 |
|
0 |
|a Ελληνικό δράμα (Τραγωδία)
|
| 700 |
1 |
|
|a Kovacs, David
|e επιμελητής
|e μεταφραστής.
|9 6986
|
| 740 |
0 |
2 |
|a Electra.
|
| 740 |
0 |
2 |
|a Heracles.
|
| 776 |
0 |
8 |
|i Έντυπη έκδοση:
|a Euripides.
|t Suppliant women. Electra. Heracles.
|d Cambridge, Mass. : Harvard University Press, 1998
|z 9780674995666
|
| 830 |
|
0 |
|a Loeb Classical Library
|v 9.
|9 158945
|
| 856 |
4 |
0 |
|u https://www.loebclassics.com/view/LCL009/1998/volume.xml
|
| 942 |
|
|
|2 ddc
|c ERS
|
| 998 |
|
|
|c Φραντζή
|d 2021-06
|